000
00276nam a2200109Ia 4500
008
200302s9999 xx 000 0 und d
100
_a
Boesiger
245
_a
Le Corbusier et Son Atelier Rue de Sevres 35
260
_b
Thames and Hudson Ltd.
260
_c
1965
300
_a
239 P.,
999
_c
2221
_d
2221